[Event "8.Open B Week-End"]
[Site "Padova"]
[Date "2005.12.18"]
[Round "5.20"]
[White "Chiodini, Pietro"]
[Black "Pedrotti, Luciano"]
[Result "0-1"]
[WhiteElo "1703"]
[BlackElo "1863"]
[Annotator "Gabriele Ballarin"]
[PlyCount "84"]
[EventDate "2005.12.10"]
[EventType "swiss"]
[EventRounds "6"]
[EventCountry "ITA"]

1. e4 e5 2. Bc4 Be7 3. Nf3 d6 4. d3 Nf6 5. Bg5 O-O 6. Nc3 Bg4 7. Qd2 Nbd7 8. Nh4 c6 9. f3 Be6 10. Nf5 Bxf5 11. exf5 d5 12. Bb3 Nh5 13. Bxe7 Qxe7 14. O-O-O Nc5 15. Rde1 Rfe8 16. g4 Nf4 17. h4 b5 18. Ne2 Nxe2+ 19. Rxe2 Qd6 20. h5 b4 21. h6 g6 22. Qg5 f6 23. Qd2 g5 24. d4 exd4 25. Rxe8+ Rxe8 26. Qxd4 a5 27. c4 Re5 28. Kd1 Nxb3 29. axb3 c5 30. Qd2 d4 31. Rh5 Re3 32. Rh1 Qf4 33. Re1 Qxf3+ 34. Kc2 Qe4+ 35. Kd1 Qxg4+ 36. Kc1 Rxe1+ 37. Qxe1 Qf4+ 38. Kd1 Qe5 39. Qh1 Qxf5 40. Qa8+ Kf7 41. Qb7+ Kg6 42. Qg7+ Kh5 0-1

[Event "8.Open B Week-End"]
[Site "Padova"]
[Date "2005.12.18"]
[Round "5.21"]
[White "Mihalcea, Vasile"]
[Black "Marson, Antonio"]
[Result "0-1"]
[WhiteElo "1685"]
[BlackElo "1854"]
[Annotator "Gabriele Ballarin"]
[PlyCount "60"]
[EventDate "2005.12.10"]
[EventType "swiss"]
[EventRounds "6"]
[EventCountry "ITA"]

1. e4 c6 2. Nc3 d5 3. exd5 cxd5 4. Qh5 e6 5. Nf3 g6 6. Qg4 Nf6 7. Qa4+ Bd7 8. Qb3 Qc7 9. d4 Nc6 10. Nb5 Qb6 11. Bf4 Rc8 12. Bd3 Nb4 13. O-O Nxd3 14. Nc7+ Rxc7 15. Qxb6 axb6 16. Bxc7 Nb4 17. c3 Na6 18. Bxb6 Bb5 19. Rfe1 Be7 20. a4 Bd3 21. Ne5 Bf5 22. f3 g5 23. b4 O-O 24. b5 Nb8 25. c4 dxc4 26. g4 Bd3 27. a5 Nd5 28. Ba7 Bb4 29. Rec1 Bc3 30. Ra3 Bb2 {Nur} 0-1

[Event "8.Open B Week-End"]
[Site "Padova"]
[Date "2005.12.18"]
[Round "5.22"]
[White "Tomio, Dante"]
[Black "Favero, Graziano"]
[Result "1-0"]
[WhiteElo "1831"]
[BlackElo "1643"]
[Annotator "Gabriele Ballarin"]
[PlyCount "63"]
[EventDate "2005.12.10"]
[EventType "swiss"]
[EventRounds "6"]
[EventCountry "ITA"]

1. d4 Nf6 2. Nf3 g6 3. c4 Bg7 4. Nc3 d5 5. cxd5 Nxd5 6. e4 Nxc3 7. bxc3 c5 8. Be2 Nc6 9. d5 Bxc3+ 10. Bd2 Bxa1 11. Qxa1 Nd4 12. Nxd4 cxd4 13. Qxd4 O-O 14. O-O Re8 15. Bc3 e5 16. Qd2 Bd7 17. f4 f6 18. Bc4 Qb6+ 19. Kh1 Bb5 20. Rb1 Bxc4 21. Rxb6 axb6 22. d6 Rxa2 23. d7 Rd8 24. Qd6 Kf7 25. fxe5 fxe5 26. h3 Be6 27. Bb4 Raa8 28. Qe7+ Kg8 29. Qxe6+ Kg7 30. Qxe5+ Kh6 31. Bd2+ g5 32. Qxg5# 1-0

[Event "8.Open B Week-End"]
[Site "Padova"]
[Date "2005.12.18"]
[Round "5.23"]
[White "Adami, Igor"]
[Black "Danese, Aldo"]
[Result "0-1"]
[WhiteElo "1616"]
[BlackElo "1829"]
[Annotator "Gabriele Ballarin"]
[PlyCount "146"]
[EventDate "2005.12.10"]
[EventType "swiss"]
[EventRounds "6"]
[EventCountry "ITA"]

1. d4 b6 2. e4 e6 3. Nf3 Bb7 4. Bd3 Ne7 5. O-O c5 6. c3 Ng6 7. e5 d5 8. Bg5 Be7 9. Bxe7 Qxe7 10. Qd2 Nd7 11. Qg5 Rc8 12. Bxg6 hxg6 13. Qxe7+ Kxe7 14. Re1 Rh5 15. g4 Rh6 16. Nbd2 Ba6 17. Rac1 Rb8 18. Kg2 c4 19. Rh1 b5 20. a3 Nb6 21. Ne1 Bc8 22. Nc2 a5 23. Kg3 Na4 24. Rb1 Bd7 25. Nf3 Bc6 26. Ng1 Nb6 27. Ne2 Na8 28. h4 Nc7 29. h5 Rbh8 30. Nf4 Be8 31. Kg2 g5 32. Ne2 f6 33. f4 Na6 34. fxg5 fxg5 35. Rbf1 g6 36. Ng3 gxh5 37. gxh5 Bf7 38. Kf3 Bxh5+ 39. Nxh5 Rxh5 40. Rxh5 Rxh5 41. Rf2 Rh1 42. Kg4 Rb1 43. Ne3 b4 44. axb4 axb4 45. Kxg5 bxc3 46. bxc3 Rb3 47. Nd1 Nc7 48. Kg6 Nb5 49. Rf7+ Ke8 50. Rb7 Nxd4 51. Rxb3 Nxb3 52. Kf6 Kd7 53. Nf2 Nc5 54. Kf7 Ne4 55. Nh3 Nxc3 56. Nf4 Nb5 57. Nxe6 c3 58. Nf4 Nc7 59. Nd3 c2 60. Kf6 Ne6 61. Kf5 Nd4+ 62. Kf4 Ne2+ 63. Ke3 c1=Q+ 64. Nxc1 Nxc1 65. Kd4 Ke6 66. Kc3 Kxe5 67. Kc2 Ne2 68. Kd3 Nf4+ 69. Ke3 d4+ 70. Kd2 Ke4 71. Kd1 Ke3 72. Ke1 d3 73. Kd1 Ng2 0-1

[Event "8.Open B Week-End"]
[Site "Padova"]
[Date "2005.12.18"]
[Round "5.24"]
[White "De Biaggi, Paolo"]
[Black "Mancin, Michele"]
[Result "1-0"]
[WhiteElo "1877"]
[BlackElo "1862"]
[Annotator "Gabriele Ballarin"]
[PlyCount "77"]
[EventDate "2005.12.10"]
[EventType "swiss"]
[EventRounds "6"]
[EventCountry "ITA"]

1. e4 c5 2. c3 Nc6 3. d4 cxd4 4. cxd4 e6 5. a3 d6 6. Nc3 a6 7. f4 b5 8. Nf3 Bb7 9. Be2 Nf6 10. O-O Be7 11. b4 Rc8 12. Bb2 O-O 13. Qd3 h6 14. Rae1 Nh7 15. d5 Nb8 16. Qd4 Bf6 17. e5 dxe5 18. fxe5 Bg5 19. h4 Be7 20. Rd1 Qd7 21. d6 Bd8 22. Ne4 Bb6 23. Nc5 (23. Qxb6 Rc2 24. Rd2) 23... Qc6 24. Rc1 Qe8 25. Qf2 Nd7 26. Bd4 Bxf3 27. Bxf3 Bxc5 28. bxc5 Nb8 29. Bb7 Nc6 30. Bxc8 Qxc8 31. Rfd1 Qd8 32. Qg3 Kh8 33. Be3 Qa5 34. Bf4 Qa4 35. Qf3 Nd4 36. Qe4 Ne2+ 37. Qxe2 Qxf4 38. d7 Rd8 39. c6 1-0

[Event "8.Open B Week-End"]
[Site "Padova"]
[Date "2005.12.18"]
[Round "5.25"]
[White "Bano, Paolo"]
[Black "Ferrarese, Giacomo"]
[Result "0-1"]
[WhiteElo "1434"]
[BlackElo "1721"]
[Annotator "Gabriele Ballarin"]
[PlyCount "32"]
[EventDate "2005.12.10"]
[EventType "swiss"]
[EventRounds "6"]
[EventCountry "ITA"]

1. e4 c5 2. Nf3 d6 3. d3 g6 4. g3 Bg7 5. Bg2 Nc6 6. c3 e5 7. O-O Nge7 8. Bg5 h6 9. Be3 O-O 10. Nbd2 f5 11. exf5 Bxf5 12. Ne4 b6 13. Nh4 d5 14. Nxf5 Nxf5 15. Nd2 Qd6 16. f4 Nxe3 0-1

[Event "8.Open B Week-End"]
[Site "Padova"]
[Date "2005.12.18"]
[Round "5.26"]
[White "Alba, Riccardo"]
[Black "Di Mauro, Valerio"]
[Result "0-1"]
[WhiteElo "1703"]
[BlackElo "1526"]
[Annotator "Gabriele Ballarin"]
[PlyCount "101"]
[EventDate "2005.12.10"]
[EventType "swiss"]
[EventRounds "6"]
[EventCountry "ITA"]

1. d4 c6 2. Nf3 d5 3. c4 Bf5 4. e3 Nf6 5. Nc3 e6 6. a3 Be7 7. Bd2 O-O 8. c5 Nbd7 9. Be2 Qc7 10. Nh4 Rfe8 11. Nxf5 exf5 12. O-O b6 13. b4 a5 14. Qc2 Ne4 15. Bd3 g6 16. Rfb1 axb4 17. axb4 Rxa1 18. Rxa1 Nxf2 19. Kxf2 Qxh2 20. Ne2 Bh4+ 21. Kf1 Nf6 22. Ng1 Ng4 23. Qc1 Qg3 24. Qe1 Nh2+ 25. Ke2 Qxg2+ 26. Kd1 Bxe1 27. Ne2 Bxd2 28. Kxd2 Nf3+ 29. Kc3 b5 30. Ra6 Rxe3 31. Ra2 Ng1 32. Nc1 Qf1 33. Rc2 Qxc1 34. Rxc1 Ne2+ 35. Kd2 Nxc1 36. Kxe3 Nxd3 37. Kxd3 Kg7 38. Ke3 Kf6 39. Kf4 g5+ 40. Kf3 h5 41. Kg3 h4+ 42. Kf3 h3 43. Kg3 f4+ 44. Kh2 Kf5 45. Kg1 Ke4 46. Kh2 g4 47. Kg1 Ke3 48. Kh2 g3+ 49. Kg1 f3 50. Kh1 g2+ 51. Kg1 0-1

[Event "8.Open B Week-End"]
[Site "Padova"]
[Date "2005.12.18"]
[Round "5.27"]
[White "Boni, Gianni"]
[Black "Andolfatto, Biagio"]
[Result "1/2-1/2"]
[WhiteElo "1640"]
[BlackElo "1675"]
[Annotator "Gabriele Ballarin"]
[PlyCount "107"]
[EventDate "2005.12.10"]
[EventType "swiss"]
[EventRounds "6"]
[EventCountry "ITA"]

1. b3 e6 2. Bb2 Nf6 3. e3 Be7 4. Nf3 O-O 5. d3 d6 6. Nbd2 e5 7. Be2 Bd7 8. O-O Qc8 9. c4 b6 10. Qc2 Bf5 11. Rfc1 a5 12. a3 Na6 13. Bf1 c5 14. Bc3 Qc6 15. e4 Bd7 16. Qb2 Nc7 17. b4 Rfb8 18. b5 Qb7 19. a4 Ne6 20. g3 Qc8 21. Bg2 Nh5 22. Nf1 Ng5 23. Ne3 Bh3 24. Nd5 Bd8 25. Nxg5 Bxg5 26. Bd2 Bd8 27. Rf1 Bxg2 28. Kxg2 Ra7 29. Be3 Nf6 30. Nxf6+ Bxf6 31. Qe2 Qe6 32. Ra2 g6 33. f4 exf4 34. Bxf4 g5 35. Bc1 Be5 36. Qh5 f6 37. Raf2 Rg7 38. Bb2 Rg6 39. Qh3 Qxh3+ 40. Kxh3 Bxb2 41. Rxb2 Kg7 42. Kg2 Re8 43. Rf5 Re5 44. Rbf2 h5 45. h3 g4 46. h4 Rh6 47. Kf1 Kf7 48. Ke2 Ke6 49. Rxe5+ dxe5 50. Rf5 Rh8 51. Ke3 Kf7 52. Ke2 Kg6 53. Ke3 Rd8 54. Ke2 1/2-1/2

[Event "8.Open B Week-End"]
[Site "Padova"]
[Date "2005.12.18"]
[Round "5.28"]
[White "Vaglio, Alessandro"]
[Black "Benedetti, Maurizio"]
[Result "1/2-1/2"]
[WhiteElo "1661"]
[BlackElo "1559"]
[Annotator "Gabriele Ballarin"]
[PlyCount "46"]
[EventDate "2005.12.10"]
[EventType "swiss"]
[EventRounds "6"]
[EventCountry "ITA"]

1. e4 c6 2. d4 d5 3. Nc3 dxe4 4. Nxe4 Bf5 5. Nc3 Nf6 6. Nf3 Nbd7 7. Bd3 Bxd3 8. Qxd3 Qc7 9. Ne2 e5 10. Bg5 Be7 11. Ng3 h6 12. Bxf6 Bxf6 13. Ne4 Be7 14. O-O f5 15. Ng3 e4 16. Nxe4 fxe4 17. Qxe4 Nf6 18. Qg6+ Kf8 19. Rfe1 Re8 20. Re6 Bd6 21. Rxf6+ gxf6 22. Qxf6+ Kg8 23. Qg6+ Kf8 1/2-1/2

[Event "8.Open B Week-End"]
[Site "Padova"]
[Date "2005.12.18"]
[Round "5.30"]
[White "Battiston, Gianfranco"]
[Black "Biserni, Federica"]
[Result "1-0"]
[WhiteElo "1685"]
[BlackElo "1401"]
[Annotator "Gabriele Ballarin"]
[PlyCount "57"]
[EventDate "2005.12.10"]
[EventType "swiss"]
[EventRounds "6"]
[EventCountry "ITA"]

1. e4 e5 2. Nf3 Nf6 3. Nc3 d6 4. Bc4 Be7 5. O-O O-O 6. h3 Nc6 7. a3 Nd4 8. d3 Be6 9. Bb3 Nxb3 10. cxb3 c6 11. b4 d5 12. Nxe5 dxe4 13. dxe4 Qc7 14. Nf3 Rad8 15. Qc2 Nh5 16. e5 Qc8 17. Kh2 f6 18. exf6 Bd6+ 19. Kg1 Bxh3 20. Ng5 Nxf6 21. Nxh3 h6 22. Bf4 Qc7 23. Bxd6 Rxd6 24. Nb5 Qb8 25. Nxd6 Qxd6 26. Rad1 Qc7 27. Qg6 Qe5 28. Rfe1 Qxb2 29. Re7 1-0

[Event "8.Open B Week-End"]
[Site "Padova"]
[Date "2005.12.18"]
[Round "5.31"]
[White "Vastano, Ciro"]
[Black "Baschirotto, Marco Dante"]
[Result "0-1"]
[WhiteElo "1682"]
[BlackElo "1544"]
[Annotator "Gabriele Ballarin"]
[PlyCount "64"]
[EventDate "2005.12.10"]
[EventType "swiss"]
[EventRounds "6"]
[EventCountry "ITA"]

1. d4 d5 2. Nf3 Nf6 3. Bg5 e6 4. e3 Nbd7 5. Bd3 c6 6. Nbd2 Be7 7. O-O O-O 8. Qe2 a6 9. Rfe1 c5 10. c3 cxd4 11. exd4 b5 12. a3 Bb7 13. Rad1 Rc8 14. Nf1 Ne4 15. Bxe7 Qxe7 16. N1d2 Ndf6 17. Ne5 Nd6 18. Nb3 Nc4 19. f4 Ne4 20. Ng4 f5 21. Nf2 Rf6 22. Bb1 Rh6 23. Nxe4 dxe4 24. Nc5 Rxc5 25. dxc5 Qxc5+ 26. Rd4 Bd5 27. Ba2 Rg6 28. Bxc4 bxc4 29. g3 Qc7 30. Qh5 Qb8 31. Re2 Qe8 32. Red2 Rxg3+ 0-1

[Event "8.Open B Week-End"]
[Site "Padova"]
[Date "2005.12.18"]
[Round "5.32"]
[White "Menin, Massimo"]
[Black "Cestonaro, Federico"]
[Result "0-1"]
[WhiteElo "1523"]
[BlackElo "1601"]
[Annotator "Gabriele Ballarin"]
[PlyCount "100"]
[EventDate "2005.12.10"]
[EventType "swiss"]
[EventRounds "6"]
[EventCountry "ITA"]

1. Nf3 Nf6 2. c4 d5 3. cxd5 Nxd5 4. e4 Nf4 5. d4 Ng6 6. Bc4 e6 7. O-O Be7 8. Nc3 O-O 9. Be3 b6 10. Qb3 Ba6 11. Rad1 Bxc4 12. Qxc4 Nd7 13. b4 c6 14. Qb3 Rc8 15. Na4 Nf6 16. Nc3 Qc7 17. h3 Rfd8 18. Rc1 Qb8 19. e5 Nd5 20. Nxd5 Rxd5 21. Rc4 c5 22. Rfc1 b5 23. R4c3 c4 24. Qb2 Bf8 25. Nd2 Rdd8 26. Ne4 Qb7 27. Nc5 Bxc5 28. bxc5 Nh4 29. f3 Nf5 30. Bf2 Qc6 31. Ra3 a6 32. g4 Nh6 33. Kg2 Kh8 34. Bh4 Rd7 35. Rd1 Qb7 36. Qb4 Rd5 37. Bf2 Rcxc5 38. dxc5 Rxd1 39. g5 Ng8 40. Rc3 Qc6 41. Qa5 Ne7 42. Qb6 Qxb6 43. cxb6 Nc6 44. a4 Rd5 45. axb5 axb5 46. Ra3 Rd8 47. f4 b4 48. Ra6 b3 49. b7 b2 50. Rxc6 b1=Q 0-1

[Event "8.Open B Week-End"]
[Site "Padova"]
[Date "2005.12.18"]
[Round "5.33"]
[White "Chiodini, Sebastiano"]
[Black "Barbetta, Cosimo"]
[Result "0-1"]
[WhiteElo "1419"]
[BlackElo "1586"]
[Annotator "Gabriele Ballarin"]
[PlyCount "82"]
[EventDate "2005.12.10"]
[EventType "swiss"]
[EventRounds "6"]
[EventCountry "ITA"]

1. e4 c5 2. Nf3 Nc6 3. d4 cxd4 4. Nxd4 e6 5. Nc3 Bb4 6. Nxc6 bxc6 7. Bd2 Nf6 8. e5 Bxc3 9. Bxc3 Nd5 10. Bd2 O-O 11. Bd3 f5 12. g4 f4 13. Rg1 Qg5 14. Qe2 Qh4 15. O-O-O Bb7 16. g5 f3 17. Qe4 Qxe4 18. Bxe4 g6 19. Rg3 Ba6 20. h4 Be2 21. Rh1 Nf4 22. Rg4 Nh5 23. Re1 Rab8 24. Bd3 Bxd3 25. cxd3 Rf5 26. Rd4 Rb7 27. Ree4 Kf7 28. Bc3 Ke8 29. Bd2 Rb5 30. Rb4 Rfxe5 31. Rxe5 Rxe5 32. Rb8+ Ke7 33. Ra8 Rd5 34. Be3 Kd6 35. Kc2 Ng7 36. Rxa7 Nf5 37. Ra4 Nxe3+ 38. fxe3 f2 39. Rf4 Rf5 40. Rxf2 Rxf2+ 41. Kb3 Rf3 0-1

[Event "8.Open B Week-End"]
[Site "Padova"]
[Date "2005.12.18"]
[Round "5.35"]
[White "Alessi, Giovanni"]
[Black "Levorin, Fabrizio"]
[Result "1-0"]
[WhiteElo "1640"]
[BlackElo "1700"]
[Annotator "Gabriele Ballarin"]
[PlyCount "97"]
[EventDate "2005.12.10"]
[EventType "swiss"]
[EventRounds "6"]
[EventCountry "ITA"]

1. e4 c6 2. Nc3 d5 3. exd5 cxd5 4. d3 Nc6 5. g3 Bf5 6. Bg2 Nf6 7. Nge2 e6 8. O-O Bd6 9. a3 O-O 10. d4 Re8 11. Re1 a6 12. Bg5 h6 13. Bd2 Qb6 14. Na4 Qc7 15. Rc1 Qd7 16. c4 dxc4 17. Nb6 Qd8 18. Nxa8 Qxa8 19. Rxc4 Nd5 20. b4 Bd3 21. Rc1 Bxe2 22. Rxe2 Nxd4 23. Re4 e5 24. Bxh6 Nf6 25. Rxd4 exd4 26. Bg5 Nh7 27. Qxd4 Nxg5 28. Qxd6 Qb8 29. Qd7 b6 30. h4 Ne6 31. Qb7 Qxb7 32. Bxb7 a5 33. Bd5 axb4 34. axb4 Kf8 35. Rc6 b5 36. Bxe6 Rxe6 37. Rc5 Rb6 38. f4 Ke7 39. Kf2 Rb8 40. Ke3 Kd6 41. g4 f6 42. h5 Re8+ 43. Kf3 Rb8 44. Ke4 Re8+ 45. Kf5 Rb8 46. g5 Rh8 47. Kg6 fxg5 48. fxg5 Ke7 49. Rxb5 1-0

[Event "8.Open B Week-End"]
[Site "Padova"]
[Date "2005.12.18"]
[Round "5.36"]
[White "Peluso, Lorenzo"]
[Black "Jimchi, Abdelaziz"]
[Result "0-1"]
[WhiteElo "1428"]
[BlackElo "1763"]
[Annotator "Gabriele Ballarin"]
[PlyCount "30"]
[EventDate "2005.12.10"]
[EventType "swiss"]
[EventRounds "6"]
[EventCountry "ITA"]

1. e4 d6 2. d4 Nf6 3. Nc3 c6 4. Bd3 e5 5. Nge2 Be7 6. O-O O-O 7. Be3 Be6 8. f4 exd4 9. Bxd4 c5 10. Be3 c4 11. f5 cxd3 12. cxd3 Bd7 13. Rc1 Nc6 14. a3 Ng4 15. Bf4 Qb6+ 0-1

[Event "8.Open B Week-End"]
[Site "Padova"]
[Date "2005.12.18"]
[Round "6.3"]
[White "Quaranta, Cristiano"]
[Black "Pojer, Romeo"]
[Result "1-0"]
[WhiteElo "2026"]
[BlackElo "2153"]
[Annotator "Gabriele Ballarin"]
[PlyCount "89"]
[EventDate "2005.12.10"]
[EventType "swiss"]
[EventRounds "6"]
[EventCountry "ITA"]

1. d4 Nf6 2. Bg5 Ne4 3. Bf4 c5 4. f3 Nf6 5. d5 Qb6 6. Bc1 g6 7. c4 Bg7 8. Nc3 d6 9. e4 O-O 10. Be2 e6 11. Bf4 Qxb2 12. Nb5 Ne8 13. Rb1 Qxa2 14. Nxd6 Nxd6 15. Bxd6 Re8 16. Bxc5 Na6 17. Be3 exd5 18. cxd5 f5 19. Qd3 fxe4 20. fxe4 Rxe4 21. Qxe4 Bf5 22. Bc4 Qxb1+ 23. Qxb1 Bxb1 24. Nf3 Bc3+ 25. Kf2 Be4 26. Rd1 Kg7 27. d6 Bc6 28. Nd4 Bd7 29. Rc1 Nc5 30. Kg1 Ba5 31. Rf1 Bb6 32. Rf7+ Kh8 33. Nf3 Be6 34. Bxe6 Nxe6 35. Bxb6 axb6 36. Re7 Ng7 37. Rxb7 Ra1+ 38. Kf2 Ra2+ 39. Kf1 Ra1+ 40. Ke2 Ra2+ 41. Kd3 Ne6 42. Rxb6 Kg7 43. d7 Nc5+ 44. Ke3 Nxd7 45. Rb7 1-0

[Event "8.Open B Week-End"]
[Site "Padova"]
[Date "2005.12.18"]
[Round "6.4"]
[White "Xhani, Bujar"]
[Black "Carini, Massimo"]
[Result "1/2-1/2"]
[WhiteElo "1596"]
[BlackElo "2140"]
[Annotator "Gabriele Ballarin"]
[PlyCount "20"]
[EventDate "2005.12.10"]
[EventType "swiss"]
[EventRounds "6"]
[EventCountry "ITA"]

1. Nf3 d5 2. d3 Nf6 3. c3 c5 4. g3 Nc6 5. Bg2 e5 6. Bg5 h6 7. Bxf6 Qxf6 8. Nbd2 Be6 9. O-O Qd8 10. Qc2 Be7 1/2-1/2

[Event "8.Open B Week-End"]
[Site "Padova"]
[Date "2005.12.18"]
[Round "6.5"]
[White "Banovi, Alit"]
[Black "Zanin, Dario"]
[Result "1/2-1/2"]
[WhiteElo "1954"]
[BlackElo "2044"]
[Annotator "Gabriele Ballarin"]
[PlyCount "79"]
[EventDate "2005.12.10"]
[EventType "swiss"]
[EventRounds "6"]
[EventCountry "ITA"]

1. d4 Nf6 2. c4 g6 3. Nc3 Bg7 4. e4 d6 5. Nf3 O-O 6. Be2 e5 7. dxe5 dxe5 8. O-O Nc6 9. Be3 Bg4 10. Bc5 Qxd1 11. Raxd1 Rfd8 12. h3 Bxf3 13. Bxf3 Nd7 14. Ba3 Nd4 15. Nd5 Bf8 16. Bxf8 Nxf8 17. Bg4 h5 18. Bf3 c6 19. Nc3 Nfe6 20. Ne2 Nxf3+ 21. gxf3 Kf8 22. Rfe1 Ke7 23. h4 Rxd1 24. Rxd1 Rd8 25. Rxd8 Kxd8 26. Kg2 Kc7 27. f4 exf4 28. Kf3 Kd6 29. Nxf4 Nc5 30. b4 Nd7 31. c5+ Ke5 32. Ke3 Kf6 33. Nh3 Ne5 34. f4 Ng4+ 35. Kd4 Ke7 36. a4 Nh2 37. Ke3 f6 38. f5 gxf5 39. exf5 Ng4+ 40. Ke4 1/2-1/2

[Event "8.Open B Week-End"]
[Site "Padova"]
[Date "2005.12.18"]
[Round "6.6"]
[White "Danieli, Enrico"]
[Black "Giuriato, Sergio"]
[Result "1-0"]
[WhiteElo "2163"]
[BlackElo "1992"]
[Annotator "Gabriele Ballarin"]
[PlyCount "47"]
[EventDate "2005.12.10"]
[EventType "swiss"]
[EventRounds "6"]
[EventCountry "ITA"]

1. d4 Nf6 2. Nc3 d5 3. Bg5 Nbd7 4. Nf3 e6 5. e4 dxe4 6. Nxe4 h6 7. Nxf6+ Nxf6 8. Bh4 a6 9. Bd3 c5 10. O-O cxd4 11. Nxd4 Be7 12. c3 O-O 13. Qe2 Qd5 14. Rfe1 Re8 15. Rad1 Qh5 16. Nf3 g5 17. Bg3 Nd5 18. Be5 g4 19. Nd2 f5 20. Bc4 Qf7 21. Bxd5 exd5 22. Bd6 Kf8 23. Qe5 Bxd6 24. Qh8+ 1-0

[Event "8.Open B Week-End"]
[Site "Padova"]
[Date "2005.12.18"]
[Round "6.7"]
[White "Pomaro, Alberto"]
[Black "Omeri, Silvan"]
[Result "1/2-1/2"]
[WhiteElo "1971"]
[BlackElo "2128"]
[Annotator "Gabriele Ballarin"]
[PlyCount "94"]
[EventDate "2005.12.10"]
[EventType "swiss"]
[EventRounds "6"]
[EventCountry "ITA"]

1. d4 Nf6 2. c4 g6 3. f3 c5 4. d5 Bg7 5. e4 d6 6. Nc3 O-O 7. Be3 e6 8. Bd3 exd5 9. cxd5 Re8 10. Nge2 a6 11. a4 Nbd7 12. O-O Ne5 13. h3 Nxd3 14. Qxd3 b6 15. Qd2 Bb7 16. Rab1 Qc7 17. b4 Nd7 18. Rfc1 Ne5 19. Nd1 Bc8 20. Nf2 f6 21. a5 Rb8 22. axb6 Rxb6 23. Qa2 Bf8 24. f4 Nf7 25. Nd4 Qe7 26. Nc6 Qc7 27. Nd4 Qe7 28. bxc5 Rxb1 29. Qxb1 f5 30. cxd6 Qxd6 31. Rc6 Qa3 32. Nc2 Qa5 33. Bb6 Qd2 34. Ne3 g5 35. Rc2 Qb4 36. Qxb4 Bxb4 37. Nd3 gxf4 38. Nxf5 Bxf5 39. exf5 Bd6 40. Bc5 Rc8 41. Rc1 a5 42. Bxd6 Rxc1+ 43. Nxc1 Nxd6 44. Kf2 Nxf5 45. Kf3 Ne3 46. d6 Nc4 47. Kxf4 Nxd6 1/2-1/2

[Event "8.Open B Week-End"]
[Site "Padova"]
[Date "2005.12.18"]
[Round "6.8"]
[White "Cacco, Christian"]
[Black "Sinato, Fabrizio"]
[Result "1-0"]
[WhiteElo "2393"]
[BlackElo "1942"]
[Annotator "Gabriele Ballarin"]
[PlyCount "113"]
[EventDate "2005.12.10"]
[EventType "swiss"]
[EventRounds "6"]
[EventCountry "ITA"]

1. Nf3 d5 2. c4 e6 3. d4 Nf6 4. Bg5 Nbd7 5. Nc3 Be7 6. e3 O-O 7. Qc2 Re8 8. Rc1 c6 9. Nd2 h6 10. Bf4 Nf8 11. Be2 Ng6 12. Bg3 Bd6 13. O-O e5 14. dxe5 Nxe5 15. cxd5 Nxd5 16. Nxd5 cxd5 17. Nb3 Be6 18. Nd4 Rc8 19. Qa4 a6 20. b4 Nc4 21. b5 Bxg3 22. hxg3 Bd7 23. Bxc4 dxc4 24. Rxc4 axb5 25. Nxb5 Qg5 26. Rb1 Bc6 27. e4 h5 28. Qb4 h4 29. gxh4 Qxh4 30. Nd6 Re5 31. Nxc8 Rh5 32. f3 Qh2+ 33. Kf2 Qh4+ 34. Ke2 Qh2 35. Ne7+ Kh7 36. Nxc6 Qxg2+ 37. Ke3 bxc6 38. Qd2 Qg5+ 39. Kd3 Qd8+ 40. Kc2 Qe7 41. f4 g6 42. e5 Qa7 43. Kb2 Rh3 44. Rc3 Rh5 45. Re1 Kg7 46. Qe3 Qa5 47. Re2 Qa4 48. Ra3 Qc4 49. Rc2 Qf1 50. Qd4 Rh1 51. Rac3 c5 52. Qxc5 Qxf4 53. Rf2 Qe4 54. Rfc2 Re1 55. Qd6 Qh1 56. Qf6+ Kh6 57. Rh3+ 1-0

[Event "8.Open B Week-End"]
[Site "Padova"]
[Date "2005.12.18"]
[Round "6.9"]
[White "Pedrotti, Luciano"]
[Black "Xia, Jie"]
[Result "0-1"]
[WhiteElo "1863"]
[BlackElo "2111"]
[Annotator "Gabriele Ballarin"]
[PlyCount "116"]
[EventDate "2005.12.10"]
[EventType "swiss"]
[EventRounds "6"]
[EventCountry "ITA"]

1. e4 c5 2. Nf3 e6 3. d4 cxd4 4. Nxd4 a6 5. Be2 Qc7 6. O-O b5 7. Be3 Nf6 8. Nd2 Bb7 9. Bf3 d5 10. exd5 Nxd5 11. Bxd5 Bxd5 12. c3 Bd6 13. N4f3 O-O 14. Re1 Nd7 15. Nf1 Nb6 16. Bxb6 Qxb6 17. Ne3 Bb7 18. Qe2 Rac8 19. a3 Bb8 20. Rad1 Qc7 21. Nf1 Rfd8 22. Rxd8+ Rxd8 23. Rd1 Rxd1 24. Qxd1 Qd6 25. Qxd6 Bxd6 26. Nd4 Kf8 27. Nd2 g6 28. g3 Ke7 29. Kf1 h6 30. Ke2 e5 31. N4b3 Ke6 32. f3 Bd5 33. Ke3 f5 34. Kd3 h5 35. Ke3 g5 36. h3 Kd7 37. g4 fxg4 38. fxg4 h4 39. Na5 Bg2 40. Ne4 Bxh3 41. Nxg5 Bxg4 42. b4 Bc7 43. Nb3 Bb6+ 44. Ke4 h3 45. Nf3 Bxf3+ 46. Kxf3 h2 47. Kg2 Bg1 48. Nd2 Kd6 49. c4 bxc4 50. Nxc4+ Kd5 51. Nb2 Kd4 52. Na4 Kc4 53. Nb2+ Kb3 54. Nd3 e4 55. Nc5+ Bxc5 56. bxc5 e3 57. c6 e2 58. c7 e1=Q 0-1

[Event "8.Open B Week-End"]
[Site "Padova"]
[Date "2005.12.18"]
[Round "6.10"]
[White "Marson, Antonio"]
[Black "Vianello, Enrico"]
[Result "0-1"]
[WhiteElo "1854"]
[BlackElo "2086"]
[Annotator "Gabriele Ballarin"]
[PlyCount "80"]
[EventDate "2005.12.10"]
[EventType "swiss"]
[EventRounds "6"]
[EventCountry "ITA"]

1. d4 d5 2. Bf4 Nc6 3. e3 Nf6 4. Nf3 Bg4 5. Nbd2 e6 6. h3 Bh5 7. Be2 Bd6 8. Ne5 Bg6 9. Bb5 Bxe5 10. Bxe5 O-O 11. Bxc6 bxc6 12. Nf3 Ne4 13. O-O f6 14. Bh2 c5 15. dxc5 Nxc5 16. Nd4 Qd7 17. Qd2 Ne4 18. Qa5 c5 19. Nb3 c4 20. Nd4 e5 21. Ne2 Rab8 22. b3 Rb5 23. Qe1 Rc5 24. f3 Ng5 25. h4 Ne6 26. b4 Rc6 27. Nc3 Bxc2 28. Rf2 Bd3 29. Rd2 d4 30. Ne4 Bxe4 31. fxe4 d3 32. Qf1 Rd8 33. b5 Rd6 34. Rc1 Qxb5 35. Rc3 Nc5 36. Qc1 Nxe4 37. Rb2 Qxb2 38. Qxb2 Nxc3 39. Qxc3 d2 40. Qxc4+ Kh8 0-1

[Event "8.Open B Week-End"]
[Site "Padova"]
[Date "2005.12.18"]
[Round "6.11"]
[White "Danese, Aldo"]
[Black "Moi, Roberto"]
[Result "1-0"]
[WhiteElo "1829"]
[BlackElo "1994"]
[Annotator "Gabriele Ballarin"]
[PlyCount "51"]
[EventDate "2005.12.10"]
[EventType "swiss"]
[EventRounds "6"]
[EventCountry "ITA"]

1. f4 e5 2. fxe5 d6 3. Nf3 dxe5 4. e4 Bc5 5. d3 Nc6 6. Bg5 f6 7. Bd2 Be6 8. Nc3 a6 9. a3 Ba7 10. Qc1 Nd4 11. Be2 Ne7 12. Nxd4 Qxd4 13. Nd1 Qd7 14. Be3 Bxe3 15. Qxe3 Nc6 16. c3 O-O 17. O-O Rad8 18. Nf2 Ne7 19. Rad1 Qe8 20. d4 Qg6 21. d5 Bc8 22. Qc5 Rd7 23. d6 cxd6 24. Rxd6 Rxd6 25. Qxd6 Nc6 26. Bc4+ 1-0

[Event "8.Open B Week-End"]
[Site "Padova"]
[Date "2005.12.18"]
[Round "6.12"]
[White "Menini, Luca"]
[Black "Lavric, Mihail"]
[Result "0-1"]
[WhiteElo "1652"]
[BlackElo "1971"]
[Annotator "Gabriele Ballarin"]
[PlyCount "68"]
[EventDate "2005.12.10"]
[EventType "swiss"]
[EventRounds "6"]
[EventCountry "ITA"]

1. d4 Nf6 2. c4 g6 3. Nc3 Bg7 4. e4 d6 5. f3 O-O 6. Be3 Nbd7 7. Bd3 c5 8. d5 Ne5 9. Nge2 Nxd3+ 10. Qxd3 Nd7 11. f4 a6 12. O-O b5 13. cxb5 axb5 14. a3 Ba6 15. Qd2 Nb6 16. b3 Qc7 17. Rac1 Qb7 18. f5 Nd7 19. fxg6 hxg6 20. Rf3 b4 21. axb4 Qxb4 22. Bh6 Bxe2 23. Bxg7 Kxg7 24. Qxe2 Ne5 25. Rh3 Qxb3 26. Qe3 Rh8 27. Rxh8 Rxh8 28. Rb1 Qc4 29. h3 Ra8 30. Rb7 Ra3 31. Rxe7 Qxc3 32. Qf4 Qe3+ 33. Qxe3 Rxe3 34. Kf2 Rxe4 0-1